00733nam a2200241 a 4500001001300000003000900013005001700022008004100039020002300080082001500103100001900118245003200137260004900169300000900218500003500227505003100262650002100293700001900314902000800333942000700341952012800348999001500476nice12345678IN_TiNIC20260116013116.0050524s1984 pria grp 000 0 eng  a0691787 c37500a297.4bORM aOrmsby, Eric L aTheodicy in Islamic Thought aPrincetonbPrinceton University Press c1984 a309p aincludes index and biblioraphy2 aNotes, Bibliography, Index aSufism-Alghazali1 aOrmsby, Eric L bSRS cBK 001040708StackRoom-aHMIbHMId2007-09-27g375.00l1o297.4 ORMp018972r2020-07-06s2020-06-30v375.00w2005-05-24yBK c9687d9687